Central Library OPAC University of Rajshahi
Normal view MARC view

Entry Personal Name

Number of records used in: 4

001 - CONTROL NUMBER

  • control field: 7369

003 - CONTROL NUMBER IDENTIFIER

  • control field: BD-RjUL

005 - DATE AND TIME OF LATEST TRANSACTION

  • control field: 20230509120315.0

008 - FIXED-LENGTH DATA ELEMENTS

  • fixed length control field: 230509|| aca||aabn | a|a d

040 ## - CATALOGING SOURCE

  • Original cataloging agency: BD-RjUL
  • Transcribing agency: BD-RjUL

100 ## - HEADING--PERSONAL NAME

  • Personal name: Murray, J. D.
  • Fuller form of name: (James Dickson)

670 ## - SOURCE DATA FOUND

  • Source citation: Work cat.: (BD-RjUL)81360: Murray, J. D. (James Dickson), Mathematical biology /, c2003